| 000 | 00925nam a2200229 i 4500 | ||
|---|---|---|---|
| 001 | 57098 | ||
| 003 | ES-MaACL | ||
| 005 | 20230906163520.0 | ||
| 007 | t| | ||
| 008 | 031015s1964 sp ||||1| spa d | ||
| 100 | 1 |
_aHerrero Tejedor, Fernando. _963344 |
|
| 245 | 1 | 0 | _aDiscursos del vicesecretario general del Movimiento, de la delegada nacional de la Sección Femenina y del ministro secretario general del Movimiento. |
| 260 |
_a[Madrid] : _bDelegación Nacional de Provincias : _bEdiciones del Movimiento, _c[1964] |
||
| 300 |
_a57 p. ; _c22 cm. |
||
| 594 | _aPrecede al tít.: XXII Consejo Nacional de la Sección Femenina, celebrado en Pontevedra. | ||
| 651 | 4 |
_aEspaña- _xHistoria- _y1955-1975. _98337 |
|
| 700 | 1 |
_aPrimo de Rivera, Pilar, _d1906-1991 _993971 |
|
| 700 | 1 |
_aSolís Ruiz, José. _9107219 |
|
| 710 | 2 |
_aEdiciones del Movimiento. _9171800 |
|
| 852 |
_aES-MaACL _jC-24836 |
||
| 999 |
_c57098 _d57098 |
||